UBT Library

Microeconomics : (Record no. 44680)

000 -LEADER
fixed length control field 00960cam a2200289 a 4500
001 - CONTROL NUMBER
control field 17195302
005 - DATE AND TIME OF LATEST TRANSACTION
control field 20180312045553.0
008 - FIXED-LENGTH DATA ELEMENTS--GENERAL INFORMATION
fixed length control field 120305s2011 ohua b 001 0 eng d
010 ## - LIBRARY OF CONGRESS CONTROL NUMBER
LC control number 2012360258
Canceled/invalid LC control number 2009941964
020 ## - INTERNATIONAL STANDARD BOOK NUMBER
International Standard Book Number 9780538754330 (pbk. : student ed.)
020 ## - INTERNATIONAL STANDARD BOOK NUMBER
International Standard Book Number 0538754338 (pbk. : student ed.)
020 ## - INTERNATIONAL STANDARD BOOK NUMBER
International Standard Book Number 9780538754323 (instructor's ed.)
020 ## - INTERNATIONAL STANDARD BOOK NUMBER
International Standard Book Number 053875432X (instructor's ed.)
035 ## - SYSTEM CONTROL NUMBER
System control number (OCoLC)ocn428032646
040 ## - CATALOGING SOURCE
Original cataloging agency BTCTA
Transcribing agency BTCTA
Modifying agency YDXCP
-- VGM
-- BWX
-- SEA
-- DLC
041 ## - LANGUAGE CODE
Language code of text/sound track or separate title eng
042 ## - AUTHENTICATION CODE
Authentication code lccopycat
080 ## - UNIVERSAL DECIMAL CLASSIFICATION NUMBER
Universal Decimal Classification number 330.101.542 GWA
082 ## - DEWEY DECIMAL CLASSIFICATION NUMBER
Edition number 330.101.542 GWA
100 ## - Rafti
Rafti 52
101 ## - Shkurtesa
Shkurtesa MIK
245 00 - TITLE STATEMENT
Title Microeconomics :
504 ## - BIBLIOGRAPHY, ETC. NOTE
Bibliography, etc Includes bibliographical references and index.
906 ## - LOCAL DATA ELEMENT F, LDF (RLIN)
a 7
b cbc
c copycat
d 3
e ncip
f 20
g y-gencatlg
942 ## - ADDED ENTRY ELEMENTS (KOHA)
Source of classification or shelving scheme
Item type Books
Holdings
Withdrawn status Lost status Source of classification or shelving scheme Damaged status Not for loan Collection code Permanent location Current location Shelving location Date acquired Total Checkouts Full call number Barcode Date last seen Price effective from Koha item type
          Koleksioni i përgjithshem UBT - Lipjan UBT - Lipjan Koleksioni i përgjithshem 03/12/2018   330.101.542 GWA 002-3001441 03/12/2018 03/12/2018 Books
UBT Library © 2015-2024. All rights reserved University Education for Business and Technology